Normal view MARC view
  • Muhammad Khurram Shahzad

Entry Personal Name

Number of records used in: 1

001 - CONTROL NUMBER

  • control field: 23456

003 - CONTROL NUMBER IDENTIFIER

  • control field: NUST

005 - DATE AND TIME OF LATEST TRANSACTION

  • control field: 20191010103726.0

008 - FIXED-LENGTH DATA ELEMENTS

  • fixed length control field: 191010|| aca||aabn | a|a d

040 ## - CATALOGING SOURCE

  • Original cataloging agency: NUST
  • Transcribing agency: NUST

100 ## - HEADING--PERSONAL NAME

  • Personal name: Muhammad Khurram Shahzad

670 ## - SOURCE DATA FOUND

  • Source citation: Work cat.: (NUST)9207: Muhammad Khurram Shahzad, An Energy effieient Time Synchronization for Wireless Sensor Networks, 2007.
© 2023 Central Library, National University of Sciences and Technology. All Rights Reserved.